[Event "GER-ch U14 Girls"]
[Site "Willingen"]
[Date "2017.06.04"]
[Round "1"]
[White "Garbuz, Nicole"]
[Black "Albert, Eske"]
[Result "1-0"]
[WhiteElo "1687"]
[BlackElo "1345"]
[PlyCount "89"]
[EventDate "2017.06.04"]
[EventType "swiss"]
[EventRounds "9"]
[EventCountry "GER"]
[SourceTitle "CBM 178 Extra"]
[Source "ChessBase"]
[SourceDate "2017.06.22"]
[SourceVersion "1"]
[SourceVersionDate "2017.06.22"]
[SourceQuality "1"]

1. e4 e5 2. Nf3 Nc6 3. Bc4 Be7 4. 0-0 Nf6 5. Re1 0-0 6. d4 exd4 7. e5 Ne8 8. Nxd4 Nxd4 9. Qxd4 d6 10. Bf4 a6 11. Nc3 c6 12. exd6 Nxd6 13. Rad1 Nf5 14. Qe5 Bf6 15. Rxd8 Bxe5 16. Rxf8+ Kxf8 17. Bxe5 b5 18. Bd3 c5 19. Be4 Ra7 20. Bxf5 Bxf5 21. Bd6+ Re7 22. Rxe7 f6 23. Re5+ Kf7 24. Rxf5 Ke6 25. Rxc5 Kxd6 26. Ne4+ Ke6 27. Rc7 Kf5 28. Nc5 Kg6 29. Nxa6 h5 30. c4 bxc4 31. Rxc4 Kf5 32. b4 Ke5 33. b5 Kd5 34. Rc1 Ke6 35. b6 Kf7 36. b7 Kg6 37. b8Q Kh6 38. Qf4+ Kg6 39. g4 Kf7 40. gxh5 Ke6 41. Nc7+ Kd7 42. Qf5+ Kd6 43. Qd5+ Ke7 44. Qe6+ Kf8 45. Qe8# 1-0

[Event "GER-chT U14 Girls"]
[Site "Duesseldorf"]
[Date "2016.12.27"]
[Round "2.2"]
[White "Garbuz, Nicole"]
[Black "Wagner, Anna"]
[Result "1-0"]
[WhiteElo "1538"]
[BlackElo "1133"]
[PlyCount "121"]
[EventDate "2016.12.27"]
[EventType "team-swiss"]
[EventRounds "7"]
[EventCountry "GER"]
[SourceTitle "EXT 2018"]
[Source "ChessBase"]
[SourceDate "2017.10.13"]
[SourceVersion "1"]
[SourceVersionDate "2017.10.13"]
[SourceQuality "1"]
[WhiteTeam "Brackel"]
[BlackTeam "Endingen"]
[WhiteTeamCountry "GER"]
[BlackTeamCountry "GER"]

1. e4 c6 2. d4 d5 3. Nc3 dxe4 4. Nxe4 Bf5 5. Ng3 Bg6 6. Nf3 Nf6 7. Bc4 e6 8. c3 Nbd7 9. 0-0 Nb6 10. Bb3 Bd6 11. Re1 0-0 12. Ng5 h6 13. Nh3 Re8 14. Bf4 Bxf4 15. Nxf4 Nbd5 16. Nxg6 fxg6 17. Qf3 h5 18. Rad1 Rf8 19. Qd3 Ng4 20. Qxg6 Qh4 21. Qxh5 Qxh5 22. Nxh5 Rxf2 23. h3 Nde3 24. Bxe6+ Kf8 25. Bxg4 Nxd1 26. Bxd1 Rxb2 27. Bb3 Rd2 28. Rf1+ Ke7 29. Rf7+ Kd6 30. Rxg7 Rd3 31. Rg6+ Kc7 32. Rg3 Rxg3 33. Nxg3 Re8 34. Kf2 Kd6 35. Nf5+ Kc7 36. g4 Rh8 37. h4 Re8 38. Kf3 Re1 39. Kf4 Rc1 40. c4 b5 41. cxb5 cxb5 42. g5 Rf1+ 43. Ke5 Re1+ 44. Kf6 Re8 45. g6 Rf8+ 46. Ke6 Rg8 47. Kf7 Rd8 48. g7 Rd7+ 49. Kg6 a5 50. g8Q a4 51. Bxa4 bxa4 52. Qc4+ Kd8 53. Qxa4 Kc8 54. Qc6+ Rc7 55. Qxc7+ Kxc7 56. h5 Kc6 57. h6 Kd5 58. h7 Kc4 59. h8Q Kd3 60. Qh3+ Kc4 61. Qb3# 1-0